00472nam a22001697a 450000500170000001000150001702000100003203500130004203700130005508200080006824500960007626000390017227000190021130000250023070000240025570000230027920100819144433.0 aENG-100918 c75.00 aEN-84451 bDBAD/PUB a470 aTiruvalluvar :bseminar proceedings /cedited by Cuddapah Ramanaiah [and] C.Sam Christopher aKuppambDravidian Universityc2009 bKuppame517425 avi, 86p.c22cm (pbk) aRamanaiah, Cuddapah aChristopher, C.Sam